01100nab a22001937a 4500003000400000005001700004008004100021040000700062100002500069245024500094260007300339300001200412500003500424505018000459505008100639650001800720650001400738773015400752OSt20260202115336.0190429b xxu||||| |||| 00| 0 spa d cPJ aSukevicius, Ariel D.10aConsideraciones sobre la publicación irrestricta de resoluciones judiciales en materia penal. ¿Puede incurrirse en el delito de violación de secreto? /b¿puede incurrirse en el delito de violación de secreto? /cAriel D. Sukevicius. cCiudad Autónoma de Buenos Aires :aThomson Reuters La Ley, b2023. ap. 5-15 aCita Online: AR/DOC/1820/2023. aSumario: I. Introducción.— II. El actual esquema de publicación en el ámbito nacional.— III. Límites a la difusión de los pronunciamientos.— IV. Conclusiones.  tSi te interesa el texto completo, solicitalo a koha@justierradelfuego.gov.ar 0aDERECHO PENAL 0aSENTENCIA0 02658tRevista de derecho penal y criminología. Nº 8 - Septiembre 2023dCiudad Autónoma de Buenos Aires : Thomson Reuters La Ley, 2017-x00347914